Statistics for Rugby Union - Major League Rugby teams

Click here to take the quiz!

General Stats

  • This quiz has been taken 7 times
  • The average score is 6 of 12

Answer Stats

RankingTeamState% Correct
9Austin EliteTexas
75%
NANew England Free JacksMassachusetts
75%
5San Diego LegionCalifornia
75%
1NOLA GoldLouisiana
50%
NAOld Glory DCWashington, DC
50%
NARugby ATLGeorgia
50%
2Rugby United New YorkNew York
50%
3Seattle SeawolvesWashington
50%
6Toronto ArrowsOntario
50%
8Utah WarriorsUtah
50%
4Glendale RaptorsColorado
25%
7Houston SabercatsTexas
25%

Score Distribution

Percentile by Number Answered

Percent of People with Each Score

Your Score History

You have not taken this quiz